000 00339nam a2200121Ia 4500
008 190216s9999||||xx |||||||||||||| ||und||
100 _aKakasaheb K
245 0 _aTo Ashram Sisters
260 _bNavajivan Publishing House
_c1952
300 _a115p
650 _aEnglish Stories-English Stories-English Stories-English Stories
942 _cBK
999 _c12605
_d12605